000 00622nam a2200181 4500
008 160404b xxu||||| |||| 00| 0 eng d
020 _a9780826489821
082 _22009
_aDC 808.042
_bM47
100 _94732
_aMcCool, Matthew
245 _aWriting around the world:
_ba guide to writing across cultures/
_cby Matthew McCool.
260 _aLondon ; New York:
_bContinuum,
_cc2009.
300 _axi, 139 pages:
_billustrations;
_c23 cm.
500 _aIncludes glossary and index.
650 0 _94733
_aEnglish language
_xRhetoric
650 0 _94734
_aAuthorship
_xSocial aspects
365 _b2, 35481
_cPhp
942 _2ddc
_cDC
999 _c1530
_d1530